000 00670nam a2200229 a 4500
001 BRCA_5962
005 20190320205259.0
008 240311s1946----mx-a######---#000-0#spa-#
041 _aspa
044 _amx
050 4 _aBX4659.A4
_b.G37 1946
100 1 _aGarcía Gutiérrez, Jesús
_d1875-
_915060
245 1 0 _aSantos y beatos de América
_cJesús García Gutiérrez.
260 _aMéxico
_bBuena Prensa
_c1946
300 _a170 p.
_bil., 11 láminas
_c23 cm.
500 _aG84
650 1 4 _aSantos
_vBiografías
_zAmérica
_915061
650 1 4 _aHagiografía cristiana
_915062
650 1 4 _aBeatos
_vBiografías
_zAmérica
_915063
902 _aGFM
942 _2lcc
_cB
999 _c5651
_d5651